000 01076nam a2200241 a 4500
001 BRCA_1198
005 20190320203326.0
008 750609s1982 mx-a---##b---#000-0#spa-#
020 _a9687009020
050 4 _aNK844
_b.R63 1982
100 1 _aRomero de Terreros y Vinent, Manuel
_cMarqués de San Francisco
_d1880-1968
_9903
245 1 0 _aLas artes industriales en la Nueva España
_cManuel Romero de Terreros y Vinent ; edición revisada y anotada por María Teresa Cervantes de Conde y Carlota Romero de Terreros de Prévoisin.
250 _a2
260 _aMéxico
_bBanco Nacional de México : Fomento Cultural
_c1982
300 _a255 p.
_bil. a color
_c33 cm.
500 _aIncluye índice de ilustraciones y Apéndice 1. El mosaico de plumas. Apéndice 2. Breve noticia sobre la porcelana china en México
504 _aBibliografía : p. 237-241
650 1 4 _aArtes decorativas
_zMéxico
_93532
650 1 4 _aArte
_zMéxico
_93937
700 1 _aCervantes de Conde, María Teresa
_93938
700 1 _aRomero de Terreros de Prévoisin, Carlota
_93939
942 _2lcc
_cB
999 _c1071
_d1071